Nintendo Life's Top 50 Wii Games - Statistics

General Stats
  • This quiz has been taken 26 times
  • The average score is 10 of 50
Answer Stats
Hint Answer % Correct
14 Wii Sports
100%
11 Wii Sports Resort
90%
12 Mario Kart Wii
75%
1 Super Mario Galaxy
75%
3 Super Mario Galaxy 2
75%
6 Super Smash Bros. Brawl
65%
10 The Legend of Zelda: Skyward Sword
60%
5 The Legend of Zelda: Twilight Princess
60%
19 New Super Mario Bros. Wii
50%
7 Donkey Kong Country Returns
45%
16 Kirby's Epic Yarn
30%
13 Metroid Prime 3: Corruption
30%
25 Super Paper Mario
30%
2 Metroid Prime Trilogy
25%
15 Kirby's Return to Dream Land
20%
21 No More Heroes
20%
35 WarioWare Smooth Moves
20%
49 Wario Land: Shake It!/Wario Land: The Shake Dimension
15%
4 Xenoblade Chronicles
15%
18 Fire Emblem: Radiant Dawn
10%
26 LEGO Star Wars: The Complete Saga
10%
31 MadWorld
10%
8 Okami
10%
23 Punch-Out!!
10%
27 Rayman Origins
10%
32 Resident Evil
10%
36 Muramasa: The Demon Blade
5%
24 No More Heroes 2: Desperate Struggle
5%
9 Resident Evil 4: Wii Edition
5%
48 Rock Band 2
5%
17 The Last Story
5%
43 Bully: Scholarship Edition
0%
50 Cave Story
0%
39 Dead Space: Extraction
0%
20 Kirby's Dream Collection: Special Edition
0%
45 Klonoa
0%
37 Little King's Story
0%
34 Mega Man 9
0%
22 New Play Control! Pikmin 2
0%
33 Phoenix Wright: Ace Attorney
0%
38 Phoenix Wright: Ace Attorney - Trials and Tribulations
0%
41 Red Steel 2
0%
42 Silent Hill: Shattered Memories
0%
28 Sin and Punishment: Star Successor
0%
46 Sonic Colours
0%
47 The House of the Dead 2&3 Return
0%
29 The House of the Dead: Overkill
0%
44 Trauma Center: Second Opinion
0%
40 World of Goo
0%
30 Zack & Wiki: Quest for Barbaros' Treasure
0%
No matching quizzes found
Score Distribution
Percent of People with Each Score
Percentile by Number Answered
Your Score History
You have not taken this quiz